[Event "Bad Wörishofen op 2012 28th"]
[Site "Bad Wörishofen (2.3.-10.3)"]
[Date "2012.03.10"]
[Round "9.80"]
[White "Cerusico, Carlo"]
[Black "Fischer, Peter(57)"]
[Result "1/2-1/2"]
[WhiteElo "1191"]
[BlackElo "1436"]
[PlyCount "24"]
[EventDate "2012.03.??"]
[EventType "swiss"]
[EventRounds "9"]
[EventCountry "GER"]
[SourceDate "2013.02.18"]
[WhiteTeam "ITA/Italien"]
[BlackTeam "Memmingen Post SV"]
[WhiteTeamCountry "ITA"]

1. g3 e6 2. Bg2 d5 3. d3 Nf6 4. a3 c5 5. e3 Nc6 6. b3 Bd6 7. Nf3 Be5 8. c3 O-O
9. Bb2 Rb8 10. Nbd2 Bd7 11. h3 a6 12. e4 Bd6 1/2-1/2

[Event "Bad Wörishofen op 2012 28th"]
[Site "Bad Wörishofen (2.3.-10.3)"]
[Date "2012.03.10"]
[Round "9.81"]
[White "Lang, Ludwig"]
[Black "Humburg, Eduard"]
[Result "1/2-1/2"]
[WhiteElo "1117"]
[BlackElo "1179"]
[PlyCount "103"]
[EventDate "2012.03.??"]
[EventType "swiss"]
[EventRounds "9"]
[EventCountry "GER"]
[SourceDate "2013.02.18"]
[WhiteTeam "Bobingen SK"]
[BlackTeam "Wolfratshausen SC"]

1. e4 e5 2. Nf3 Nc6 3. Bb5 d6 4. d4 Bd7 5. d5 Na5 6. Bd3 b5 7. b3 c6 8. dxc6
Bxc6 9. Nbd2 a6 10. Bb2 Qf6 11. O-O Bb7 12. Re1 Nc6 13. a3 Nd4 14. c3 Nxf3+ 15.
Qxf3 Qg6 16. Qg3 Nf6 17. Qxg6 hxg6 18. h3 Rh4 19. Nf3 Rh5 20. Nd2 O-O-O 21. Re3
Be7 22. Kf1 Rdh8 23. Ke1 d5 24. Kd1 Bc5 25. Re2 d4 26. b4 dxc3 27. Bxc3 Bd4 28.
Bxd4 exd4 29. Rc1+ Kb8 30. f3 Rh4 31. Kc2 Rc8+ 32. Kb2 Rxc1 33. Kxc1 Nh5 34.
Re1 Nf4 35. Bf1 Rh8 36. Kb2 d3 37. Rd1 Rc8 38. Rc1 Rd8 39. Nb3 Rc8 40. Rxc8+
Bxc8 41. Kc3 f5 42. exf5 Bxf5 43. Nc5 Ne2+ 44. Kd2 Nf4 45. h4 Ne2 46. Nxd3 Ng3
47. Be2 Kc7 48. Nc5 Kb6 49. Bd3 Bxd3 50. Nxd3 a5 51. Ne5 axb4 52. axb4 1/2-1/2

[Event "Bad Wörishofen op 2012 28th"]
[Site "Bad Wörishofen (2.3.-10.3)"]
[Date "2012.03.10"]
[Round "9.82"]
[White "Taufratshofer, Martin"]
[Black "Roemhild, Marcus"]
[Result "1/2-1/2"]
[WhiteElo "1854"]
[BlackElo "2048"]
[PlyCount "27"]
[EventDate "2012.03.??"]
[EventType "swiss"]
[EventRounds "9"]
[EventCountry "GER"]
[SourceDate "2013.02.18"]
[WhiteTeam "Obergünzburg SC"]
[BlackTeam "Lippstadt Turm LSV"]

1. d4 Nf6 2. Nf3 e6 3. Bf4 c5 4. e3 b6 5. c3 Bb7 6. Nbd2 Be7 7. Bd3 cxd4 8.
exd4 O-O 9. h3 Nc6 10. O-O d6 11. Qe2 Re8 12. Rfe1 Qd7 13. Rad1 a6 14. Bb1
1/2-1/2